[Event "WC-2014-S-00006"]
[Site "LSS email"]
[Date "2014.10.12"]
[Round "?"]
[White "Galvin, John"]
[Black "Saganauer, Richard"]
[Result "1/2-1/2"]
[WhiteElo "1920"]
[BlackElo "2160"]
[PlyCount "47"]
[EventDate "2014.10.15"]
[EventType "tourn (corr)"]
[EventRounds "12"]
[EventCountry "GER"]
[SourceTitle "Corr 2024"]
[Source "ChessBase"]
[SourceDate "2023.10.19"]
[SourceVersion "1"]
[SourceVersionDate "2023.10.19"]
[SourceQuality "1"]

1. e4 c5 2. Nf3 d6 3. d4 cxd4 4. Nxd4 Nf6 5. Nc3 a6 6. f3 e5 7. Nb3 Be6 8. Be3 Be7 9. Qd2 0-0 10. 0-0-0 Nbd7 11. g4 b5 12. g5 b4 13. gxf6 bxc3 14. Qxc3 Nxf6 15. Na5 Qd7 16. Nc6 Rac8 17. Nxe7+ Qxe7 18. Qa5 Rc6 19. Kb1 Rfc8 20. Rg1 d5 21. b3 d4 22. Bd2 Nd7 23. f4 Nc5 24. f5 1/2-1/2

[Event "WC-2014-S-00006"]
[Site "LSS email"]
[Date "2014.10.12"]
[Round "?"]
[White "Mujica, Hector"]
[Black "Galvin, John"]
[Result "1/2-1/2"]
[WhiteElo "1872"]
[BlackElo "1920"]
[PlyCount "52"]
[EventDate "2014.10.15"]
[EventType "tourn (corr)"]
[EventRounds "12"]
[EventCountry "GER"]
[SourceTitle "Corr 2024"]
[Source "ChessBase"]
[SourceDate "2023.10.19"]
[SourceVersion "1"]
[SourceVersionDate "2023.10.19"]
[SourceQuality "1"]

1. e4 c5 2. Nf3 Nc6 3. d4 cxd4 4. Nxd4 Nf6 5. Nc3 e6 6. Ndb5 Bb4 7. a3 Bxc3+ 8. Nxc3 d5 9. exd5 exd5 10. Bd3 0-0 11. 0-0 d4 12. Ne2 a6 13. Bg5 Re8 14. Re1 Bg4 15. f3 Bh5 16. Nf4 Bg6 17. Rxe8+ Qxe8 18. Nxg6 hxg6 19. Qd2 Qe6 20. Bh4 Re8 21. Re1 Qa2 22. c3 Rd8 23. Qc2 Qd5 24. c4 Qh5 25. Bg3 Qg5 26. Qf2 a5 1/2-1/2

[Event "WC-2014-S-00006"]
[Site "LSS email"]
[Date "2014.10.12"]
[Round "?"]
[White "Schubert, Kristian"]
[Black "Galvin, John"]
[Result "1/2-1/2"]
[WhiteElo "1785"]
[BlackElo "1920"]
[PlyCount "44"]
[EventDate "2014.10.15"]
[EventType "tourn (corr)"]
[EventRounds "12"]
[EventCountry "GER"]
[SourceTitle "Corr 2024"]
[Source "ChessBase"]
[SourceDate "2023.10.19"]
[SourceVersion "1"]
[SourceVersionDate "2023.10.19"]
[SourceQuality "1"]

1. e4 c5 2. Nf3 Nc6 3. d4 cxd4 4. Nxd4 Nf6 5. Nc3 e6 6. a3 Be7 7. Nxc6 bxc6 8. e5 Nd5 9. Qg4 g6 10. Nxd5 cxd5 11. Bd3 Ba6 12. 0-0 Bxd3 13. cxd3 Qb8 14. Qe2 0-0 15. Bh6 Rc8 16. Rac1 Qb6 17. h3 Qd4 18. Rxc8+ Rxc8 19. Rc1 Rxc1+ 20. Bxc1 a5 21. g3 h5 22. Qe3 Qa4 1/2-1/2

[Event "CP-2013-P-00060"]
[Site "LSS email"]
[Date "2013.09.30"]
[Round "?"]
[White "Stolz, Stephan"]
[Black "Galvin, John"]
[Result "1-0"]
[WhiteElo "2282"]
[BlackElo "1971"]
[PlyCount "87"]
[EventDate "2013.10.01"]
[EventType "tourn (corr)"]
[EventRounds "6"]
[EventCountry "GER"]
[SourceTitle "Corr 2022"]
[Source "ChessBase"]
[SourceDate "2021.10.24"]
[SourceVersion "1"]
[SourceVersionDate "2021.10.24"]
[SourceQuality "1"]

1. Nf3 Nf6 2. c4 g6 3. Nc3 Bg7 4. d4 d5 5. Qb3 dxc4 6. Qxc4 0-0 7. e4 a6 8. Qb3 Nc6 9. e5 Nd7 10. Bf4 Nb6 11. d5 Na5 12. Qa3 Nac4 13. Qc5 Nxb2 14. Qb4 N2a4 15. Nxa4 Nxd5 16. Qd2 Nxf4 17. Qxf4 c5 18. Rc1 Qa5+ 19. Nc3 b5 20. Be2 b4 21. Nd5 Bb7 22. Nxe7+ Kh8 23. 0-0 Rae8 24. Qh4 Bxf3 25. Bxf3 Qd8 26. Nxg6+ fxg6 27. Qxd8 Rxd8 28. Rxc5 Rde8 29. Ra5 Re6 30. Ra4 Rb6 31. e6 Rd8 32. Re1 Bc3 33. Re3 Kg7 34. g3 Kf6 35. Bd5 Ke7 36. Bb3 Bf6 37. Rf3 Rdd6 38. h4 Rb5 39. Bc4 Rbb6 40. Ra5 Rbc6 41. Bb3 Rd4 42. Kh2 Re4 43. h5 Rd4 44. Kg2 1-0

[Event "WC-2013-P-00006"]
[Site "LSS email"]
[Date "2013.02.27"]
[Round "?"]
[White "Prakash, Om"]
[Black "Galvin, John"]
[Result "1-0"]
[WhiteElo "2177"]
[BlackElo "2003"]
[PlyCount "65"]
[EventDate "2013.03.03"]
[EventType "tourn (corr)"]
[EventRounds "12"]
[EventCountry "GER"]
[SourceTitle "Corr 2022"]
[Source "ChessBase"]
[SourceDate "2021.10.24"]
[SourceVersion "1"]
[SourceVersionDate "2021.10.24"]
[SourceQuality "1"]

1. e4 c5 2. Nf3 d6 3. d4 cxd4 4. Nxd4 Nf6 5. Nc3 a6 6. Bg5 Nbd7 7. Be2 e6 8. 0-0 Be7 9. Qd3 Nc5 10. Qe3 0-0 11. Nb3 b6 12. Nxc5 bxc5 13. Rab1 Bb7 14. Rfd1 Re8 15. b4 Nd5 16. exd5 Bxg5 17. Qf3 cxb4 18. Rxb4 Qe7 19. g3 Red8 20. Bc4 e5 21. Ne4 Bc8 22. Rb6 Bh6 23. Rdb1 Qf8 24. Rc6 f5 25. Nc5 e4 26. Qc3 Bg5 27. Ne6 Bxe6 28. dxe6 Be7 29. Bd5 Rab8 30. Rxb8 Rxb8 31. a4 Ra8 32. Kg2 h5 33. h4 1-0

[Event "BI-2013-F-0000"]
[Site "LSS email"]
[Date "2013.02.15"]
[Round "?"]
[White "Edwards, KEDG"]
[Black "Galvin, John"]
[Result "1-0"]
[WhiteElo "2145"]
[BlackElo "2003"]
[PlyCount "47"]
[EventDate "2013.02.20"]
[EventType "tourn (corr)"]
[EventRounds "10"]
[EventCountry "GER"]
[SourceTitle "Corr 2022"]
[Source "ChessBase"]
[SourceDate "2021.10.24"]
[SourceVersion "1"]
[SourceVersionDate "2021.10.24"]
[SourceQuality "1"]

1. e4 Nf6 2. Nc3 e5 3. Nf3 Nc6 4. Bb5 Bb4 5. 0-0 0-0 6. d3 d6 7. Bg5 Bxc3 8. bxc3 Bd7 9. Rb1 a6 10. Ba4 b5 11. Bb3 h6 12. Bh4 Qe7 13. Re1 Na5 14. h3 Rfe8 15. d4 Bc6 16. Re3 Bb7 17. Qe2 Rab8 18. Re1 g6 19. c4 bxc4 20. dxe5 dxe5 21. Bxc4 g5 22. Nxg5 Nxc4 23. Rg3 hxg5 24. Bxg5 1-0

[Event "BI-2013-F-0000"]
[Site "LSS email"]
[Date "2013.02.15"]
[Round "?"]
[White "Galvin, John"]
[Black "Czegledi, Laszlo"]
[Result "0-1"]
[WhiteElo "2003"]
[BlackElo "2346"]
[PlyCount "104"]
[EventDate "2013.02.20"]
[EventType "tourn (corr)"]
[EventRounds "10"]
[EventCountry "GER"]
[SourceTitle "Corr 2022"]
[Source "ChessBase"]
[SourceDate "2021.10.24"]
[SourceVersion "1"]
[SourceVersionDate "2021.10.24"]
[SourceQuality "1"]

1. e4 c5 2. Nf3 d6 3. Bb5+ Nd7 4. a4 g6 5. 0-0 Bg7 6. Nc3 Ngf6 7. a5 0-0 8. d3 a6 9. Bc4 Ng4 10. Bg5 h6 11. Bd2 Nge5 12. Ba2 Nc6 13. Qc1 Kh7 14. Nd5 e6 15. Ne3 Rb8 16. Re1 Nde5 17. Nxe5 Nxe5 18. Nc4 Nxc4 19. Bxc4 Bd7 20. Re3 Bc6 21. Bb3 d5 22. Rh3 h5 23. Be3 Qd6 24. exd5 exd5 25. Bf4 Be5 26. Bxe5 Qxe5 27. Re3 Qf6 28. c3 Kg7 29. Re1 Rfe8 30. Qd2 Rxe1+ 31. Rxe1 b6 32. axb6 Rxb6 33. Bd1 a5 34. Bf3 a4 35. Rc1 Qe5 36. h3 Bd7 37. Ra1 Qb8 38. Qe3 Rxb2 39. Bxd5 Rb1+ 40. Rxb1 Qxb1+ 41. Kh2 Qb8+ 42. Kg1 Qd6 43. Bc4 Be6 44. Bxe6 Qxe6 45. Qxc5 Qb3 46. g4 hxg4 47. Qd4+ Kg8 48. Qd8+ Kh7 49. Qh4+ Kg7 50. Qxg4 Qb1+ 51. Kg2 Qb7+ 52. Kf1 Qa7 0-1

[Event "BI-2013-F-0000"]
[Site "LSS email"]
[Date "2013.02.15"]
[Round "?"]
[White "Galvin, John"]
[Black "Harney, Thomas"]
[Result "1/2-1/2"]
[WhiteElo "2003"]
[BlackElo "1950"]
[PlyCount "49"]
[EventDate "2013.02.20"]
[EventType "tourn (corr)"]
[EventRounds "10"]
[EventCountry "GER"]
[SourceTitle "Corr 2022"]
[Source "ChessBase"]
[SourceDate "2021.10.24"]
[SourceVersion "1"]
[SourceVersionDate "2021.10.24"]
[SourceQuality "1"]

1. e4 e6 2. d4 d5 3. Nd2 c5 4. Ngf3 Nf6 5. e5 Nfd7 6. c3 Nc6 7. Bd3 a5 8. 0-0 Be7 9. a4 0-0 10. b3 cxd4 11. cxd4 Nb4 12. Be2 f6 13. exf6 Nxf6 14. Ne5 Bd7 15. Bb2 Be8 16. Rc1 Bd6 17. Ndf3 Ne4 18. Nd2 Na2 19. Rc2 Nf6 20. Ndf3 h6 21. Qd2 Nb4 22. Rcc1 Ne4 23. Qe3 Na2 24. Ra1 Nb4 25. Rac1 1/2-1/2

[Event "BI-2013-F-0000"]
[Site "LSS email"]
[Date "2013.02.15"]
[Round "?"]
[White "Galvin, John"]
[Black "Walczak, Tomasz"]
[Result "1/2-1/2"]
[WhiteElo "2003"]
[BlackElo "2166"]
[PlyCount "69"]
[EventDate "2013.02.20"]
[EventType "tourn (corr)"]
[EventRounds "10"]
[EventCountry "GER"]
[SourceTitle "Corr 2022"]
[Source "ChessBase"]
[SourceDate "2021.10.24"]
[SourceVersion "1"]
[SourceVersionDate "2021.10.24"]
[SourceQuality "1"]

1. e4 c5 2. Nf3 d6 3. Bb5+ Nd7 4. a4 a6 5. Bc4 e6 6. 0-0 Ngf6 7. Nc3 Be7 8. a5 0-0 9. d4 cxd4 10. Qxd4 Nb8 11. Rd1 Nc6 12. Qb6 Qxb6 13. axb6 Rd8 14. Bf4 h6 15. Bb3 e5 16. Be3 Be6 17. Ra4 Rac8 18. Nd5 Bxd5 19. exd5 Nb8 20. c3 Nbd7 21. Rb4 h5 22. h3 Nc5 23. Bc2 g6 24. g3 Rb8 25. Ng5 Rdc8 26. f3 Ra8 27. Ne4 Nfxe4 28. fxe4 Bd8 29. Ra1 a5 30. Rb5 a4 31. Kf1 Kf8 32. Rb4 a3 33. Rxa3 Rxa3 34. bxa3 Nd7 35. c4 1/2-1/2

[Event "BI-2013-F-0000"]
[Site "LSS email"]
[Date "2013.02.15"]
[Round "?"]
[White "Salzmann, Stefan"]
[Black "Galvin, John"]
[Result "1/2-1/2"]
[WhiteElo "2155"]
[BlackElo "2003"]
[PlyCount "50"]
[EventDate "2013.02.20"]
[EventType "tourn (corr)"]
[EventRounds "10"]
[EventCountry "GER"]
[SourceTitle "Corr 2022"]
[Source "ChessBase"]
[SourceDate "2021.10.24"]
[SourceVersion "1"]
[SourceVersionDate "2021.10.24"]
[SourceQuality "1"]

1. d4 Nf6 2. c4 g6 3. Nc3 d5 4. cxd5 Nxd5 5. e4 Nxc3 6. bxc3 Bg7 7. Bc4 c5 8. Ne2 Nc6 9. Be3 cxd4 10. cxd4 b5 11. Bd5 Bd7 12. Rc1 Rc8 13. 0-0 0-0 14. Bxc6 Rxc6 15. Rxc6 Bxc6 16. d5 Bd7 17. Qd2 f5 18. exf5 Bxf5 19. Rd1 a6 20. Ng3 Qd6 21. Nxf5 Rxf5 22. g3 Be5 23. Qc2 Rf8 24. Bh6 Bg7 25. Bg5 Bf6 1/2-1/2